000 01006nam a2200277 a 4500
001 58609
003 BD-RjUL
005 20211209080635.0
008 161219s1987 enk b 001 0 eng
020 _a0813302242 (alk. paper) :
_c$24.00
035 _a(BD-RjUL)58733
040 _aDLC
_cDLC
_dBD-RjUL
_beng
041 _aeng
082 0 0 _a327.51073
_223
_bCHI 1987
245 1 4 _aThe China Hands' legacy :
_bethics and diplomacy /
_cedited by Paul Gordon Lauren.
260 _aBoulder :
_bWestview Press,
_cc1987.
300 _axi, 196 p. ;
_c24 cm.
504 _aIncludes bibliographies and index.
650 0 _aDiplomacy
_xMoral and ethical aspects.
_9174161
651 0 _aUnited States
_xForeign relations
_zChina.
_9172613
651 0 _aChina
_xForeign relations
_zUnited States.
_9172614
700 1 _aLauren, Paul Gordon.
_9174162
856 4 2 _3Contributor biographical information
_uhttp://www.loc.gov/catdir/enhancements/fy0831/86011193-b.html
942 _2ddc
_cBK
999 _c58609
_d58609